| 000 | 00928nam a2200265 i 4500 | ||
|---|---|---|---|
| 001 | 000038218 | ||
| 003 | DO-SdBNP | ||
| 005 | 20240111141836.0 | ||
| 007 | ta | ||
| 008 | 130322s1980 dr 000 0 spa d | ||
| 020 | _a8489525064 | ||
| 040 |
_aDO-SdBNP _bspa _cBNPHU _erda |
||
| 082 | 4 | _222 | |
| 100 | 1 |
_aOrtega, Manuel M., _937525 _eautor |
|
| 245 | 1 | 0 |
_aUtilización de investigaciones en República Dominicana : _bel caso de la Encuesta Nacional de Fecundidad de 1975 / _cManuel M. Ortega. |
| 264 |
_aSanto Domingo : _bInstituto Tecnológico de Santo Domingo , _c1980. |
||
| 300 |
_a147 páginas ; _c22 cm. |
||
| 336 |
_2rdacontent _atexto _btxt |
||
| 337 |
_2rdamedia _asin mediación _bn |
||
| 338 |
_2rdacarrier _avolumen _bnc |
||
| 490 |
_aInvestigaciones _v1 |
||
| 500 | _aInvestigación realizada con el patrocinio de la Rockefeller Foundation de Nueva York | ||
| 590 | _aInventariado, 2024/BT | ||
| 942 |
_2ddc _cLBS1 |
||
| 999 |
_c37708 _d37708 |
||